Código general del proceso : (Registro nro. 30706)

Detalles MARC
000 -LEADER
fixed length control field 01749nam a2200277Ia 4500
003 - CONTROL NUMBER IDENTIFIER
control field CO-CtgCURN
005 - DATE AND TIME OF LATEST TRANSACTION
control field 20250409212016.0
008 - FIXED-LENGTH DATA ELEMENTS--GENERAL INFORMATION
fixed length control field 200306s2019 xx f 000 0 spa d
020 ## - INTERNATIONAL STANDARD BOOK NUMBER
International Standard Book Number 9789585640832
040 ## - CATALOGING SOURCE
Original cataloging agency CO-CtgCURN
Language of cataloging spa
Transcribing agency coctgcurn
082 ## - DEWEY DECIMAL CLASSIFICATION NUMBER
Classification number 347.06
Item number L864
100 ## - MAIN ENTRY--PERSONAL NAME
Personal name López Blanco, Hernán Fabio
9 (RLIN) 3444
Dates associated with a name 1944-
Relator term autor
245 #0 - TITLE STATEMENT
Title Código general del proceso :
Remainder of title pruebas /
Statement of responsibility, etc. Hernán Fabio López Blanco
260 ## - PUBLICATION, DISTRIBUTION, ETC.
Place of publication, distribution, etc. Bogotá, Colombia :
Name of publisher, distributor, etc. Dupre Editores,
Date of publication, distribution, etc. 2019
300 ## - PHYSICAL DESCRIPTION
Extent 586 páginas ;
Dimensions 23 centímetros
504 ## - BIBLIOGRAPHY, ETC. NOTE
Bibliography, etc. note Incluye referencias bibliográficas (p. [581]-586)
505 ## - FORMATTED CONTENTS NOTE
Formatted contents note Capítulo 1. Nociones introductorias - Capítulo 2. Los principios informadores y las reglas técnicas de derecho probatorio - Capítulo 3. Objeto, tema, licitud, conducencia, pertinencia, utilidad, y fin de la prueba - Capítulo 4. Los sistemas de valoración de la prueba - Capítulo 5. Clases de pruebas - Capítulo 6. El derecho y práctica de las pruebas - Capítulo 7. De la prueba de declaración de parte - Capítulo 8. De la prueba de confesión - Capítulo 9. De la prueba de juramento - Capítulo 10. La prueba testimonial - Capítulo 11. La prueba pericial - Capítulo 12. La prueba de inspección judicial - Capítulo 13. La prueba por indicios - Capítulo 14. La prueba documental - Capítulo 15. La prueba por informe
521 ## - TARGET AUDIENCE NOTE
Target audience note AREA PROFESIONAL
590 ## - LOCAL NOTE (RLIN)
Local note Programa de Derecho_18
650 ## - SUBJECT ADDED ENTRY--TOPICAL TERM
Topical term or geographic name entry element Derecho procesal
9 (RLIN) 3445
Geographic subdivision Colombia
650 ## - SUBJECT ADDED ENTRY--TOPICAL TERM
Topical term or geographic name entry element Evidencia (Derecho)
9 (RLIN) 3446
650 ## - SUBJECT ADDED ENTRY--TOPICAL TERM
Topical term or geographic name entry element Derecho probatorio
Geographic subdivision Colombia
9 (RLIN) 8547
942 ## - ADDED ENTRY ELEMENTS (KOHA)
Koha item type Libros
Classification part 347.06
Item part L864
Source of classification or shelving scheme Dewey Decimal Classification
Koha issues (borrowed), all copies 4
Existencias
Withdrawn status Lost status Source of classification or shelving scheme Damaged status Not for loan Collection Home library Current library Shelving location Date acquired Source of acquisition Inventory number Total checkouts Full call number Barcode Date due Date last seen Date last checked out Copy number Price effective from Koha item type Public note
    Dewey Decimal Classification       Miguel Henríquez Castañeda Barranquilla Miguel Henríquez Castañeda Barranquilla General 03/06/2020 Compra OC-09-043-19 04886 9 347.06 L864 04886 04/15/2026 04/07/2026 04/07/2026 v.3 ej.1 03/06/2020 Libros Compra OC-09-043-19 IIP 2019
    Dewey Decimal Classification       Miguel Henríquez Castañeda Barranquilla Miguel Henríquez Castañeda Barranquilla General 03/06/2020 Compra OC-09-043-19 04887 15 347.06 L864 04887 04/14/2026 04/06/2026 04/06/2026 v.3 ej.2 03/06/2020 Libros Compra OC-09-043-19 IIP 2019